| 000 | 00693nam a22002177a 4500 | ||
|---|---|---|---|
| 999 |
_c11307 _d11307 |
||
| 003 | AR-CdUCM | ||
| 008 | 190403b ||||| |||| 00| 0 spa d | ||
| 020 | _a958-05-0594-2 | ||
| 040 |
_aMUNICIPALIDAD PROVINCIAL DEL CUSCO _cBIBLIOTECA MUNICIPAL DEL CUSCO |
||
| 082 |
_aEP / 372.460 / _bS23 |
||
| 100 |
_aSarmiento Palomino, Alfredo _928617 |
||
| 245 |
_aNuevo Libro de Lectura : _bMarita / |
||
| 260 |
_aLima : _bAmbers. |
||
| 300 |
_a171 páginas ; _bIlustraciones _c28 cm |
||
| 505 | _aContenido: Lecturas -- Gramática | ||
| 650 |
_aLecturas _96094 |
||
| 650 |
_aEducación primaria _91561 |
||
| 700 |
_aBenavides Estrada, Margarita _928618 |
||
| 942 |
_2ddc _cLIBROS |
||
| 945 | _anom | ||